000 00494nam a2200181Ia 4500
005 20250923144453.0
008 008 250917s9999 xx 000 0 eng d
037 _aTextual
040 _aDSWL
_beng
_cDSWL
041 _aeng
_2eng
084 _qDSWL
100 _aBauer, Ramond . A
_9825234
245 0 _aNew man in Soviet psychology
_cby Ramond A. Bauer
260 _aCambridge
_bHarvard Univ Press
_c1953
300 _a380p.
942 _cTEXL
999 _c1439298
_d1439298